|
|
|
|
| LEADER |
00000nam2a2200000 4500 |
| 001 |
20161 |
| 005 |
20231101205334.0 |
| 035 |
|
|
|a (RuTPU)RU\TPU\book\20338
|
| 035 |
|
|
|a BOOK00020408
|
| 090 |
|
|
|a 20161
|
| 100 |
|
|
|a 20011209d1973 km y0rusy50 ca
|
| 101 |
1 |
|
|a rus
|c chi
|
| 102 |
|
|
|a RU
|
| 105 |
|
|
|a y z 001zy
|
| 200 |
0 |
|
|a Т. 2
|
| 210 |
|
|
|d 1973
|
| 215 |
|
|
|a 384 с.
|
| 320 |
|
|
|a Указатель имен и предметов: с. 372-383.
|
| 330 |
|
|
|a В настоящий том вошли отрывки из произведений Сюнь-цзы, Хань Фэй-цзы, поздних моистов, конфуцианцев («Ли цзи»), легистов (<<Шан цзюнь шу»), работа эклектического характера («Люйши чуньцю»), а также отрывок из исторического памятника «Ши цзи», который дает характеристику различных философских школ.
|
| 461 |
|
1 |
|0 (RuTPU)RU\TPU\book\7705
|t Древнекитайская философия
|o Собрание текстов
|o В 2 т.
|v Т. 2
|o пер. с кит.
|f Академия наук СССР (АН СССР), Институт философии (ИФ) ; авт. предисл. В. Г. Буров ; М. Л. Титаренко
|d 1972-
|s Философское наследие
|
| 606 |
1 |
|
|a Китайская философия
|2 stltpush
|3 (RuTPU)RU\TPU\subj\14445
|9 40828
|
| 610 |
1 |
|
|a философия
|
| 610 |
1 |
|
|a древняя китайская философия
|
| 610 |
1 |
|
|a древнекитайская философия
|
| 610 |
1 |
|
|a история
|
| 610 |
1 |
|
|a исторические источники
|
| 686 |
|
|
|a Ю3(5Кит)
|v LBC/SL-A
|2 rubbk
|
| 801 |
|
0 |
|a RU
|b 63413507
|c 20011209
|g PSBO
|
| 801 |
|
2 |
|a RU
|b 63413507
|c 20141204
|g PSBO
|
| 942 |
|
|
|c BK
|